Vista normal
Vista MARC
Entrada Materia (personas)
Número de registros utilizados en: 1
001 - CONTROL NUMBER
- control field: 161610
003 - CONTROL NUMBER IDENTIFIER
- control field: Co-BoUCM
005 - DATE AND TIME OF LATEST TRANSACTION
- control field: 20211110134304.0
008 - FIXED-LENGTH DATA ELEMENTS
- fixed length control field: 211110|| aca||aabn | a|a d
040 ## - CATALOGING SOURCE
- Original cataloging agency: Co-BoUCM
- Transcribing agency: Co-BoUCM
100 ## - HEADING--PERSONAL NAME
- Personal name: Dupuis, Jacques
670 ## - SOURCE DATA FOUND
- Source citation: Work cat.: (Co-BoUCM)44632: Dupuis, Jacques, Hacia una teología cristiana del pluralismo religioso Jacques Dupuis; traducción de Ramón Alfonso Díez Aragón y María del Carmen Blanco Moreno, 2000